Associe les duos francophones avec leur titre de chanson VOL1 - Statistiques

Statistiques générales
  • Ce quiz a été pris 54 fois
  • Le résultat moyen est 10 sur 20
Statistiques - réponses
Hint Réponse % Correct
Jean-Jacques Goldman & Mickael Jones Je te donne
88%
Axelle Red & Renaud Manhattan-Kaboul
88%
Céline Dion & Garou Sous le vent
88%
Zazie & Axel Bauer A ma place
76%
Pascal Obispo & Natasha St-Pier Mourir demain
76%
Lara Fabian & Maurane Tu es mon autre
76%
Pomme & Stromae Ma meilleure ennemie
59%
Serge Gainsbourg & Catherine Deneuve Dieu est un fumeur de havane
55%
Bernard Lavilliers & Nicoletta Idées noires
55%
Soprano & Marina Kaye Mon Everest
55%
Marc Lavoine & Catherine Ringer Je me sens pas belle
47%
Théodora & PLK Sex model
47%
Cœur de Pirate & Julien Doré Pour un infidèle
41%
Ycare & Zaz Animaux fragiles
37%
Vanessa Paradis & Etienne Daho Tirer la nuit sur les étoiles
31%
Calogero & Grand Corps Malade L'ombre et la lumière
24%
Louane & Ben Mazué La mer est calme
22%
Solann & Yoa Thelma & Louise
22%
France Gall & Michel Berger Superficiel et léger
12%
Nekfeu & Sneazzy Mon âme
6%
Aucun quiz correspondant
Distribution des résultats
% des personnes avec chaque résultat
Percentile par nombre de réponses
Votre historique - résultats
Vous n’avez pas pris ce quiz